picto atgb - Statistiques

Statistiques générales
  • Ce quiz a été pris 11 fois
  • Le résultat moyen est 9 sur 64
Statistiques - réponses
Hint Réponse % Correct
Interdit aux femmes enceintes
60%
Comburants
40%
Danger électrique
40%
Danger général
40%
Eau non potable
40%
Echelle
40%
Extincteur
40%
Ne pas toucher
40%
Risque biologique
40%
Basse température
20%
Charge suspendue
20%
Chute avec dénivellation
20%
Civière
20%
Danger d'explosion
20%
Dangereux pour l'environnement aquatique
20%
Défense de fumer
20%
Défibrilateur
20%
Direction à suivre
20%
Direction à suivre
20%
Douche de sécurité
20%
Flamme interdite / défense de fumer
20%
Gaz sous pression
20%
Interdit aux personnes non autorisées
20%
Interdit aux piétons
20%
Lance à incendie
20%
Matière corrosive
20%
Matière explosive / risque d'explosion
20%
Matière radioactive
20%
Matière toxique
20%
Obligation générale
20%
Premiers secours
20%
Rinçage des yeux
20%
Risque de brûlures
20%
Sirène d'alarme
20%
Trébuchement
20%
Véhicule de manutention
20%
Bande de marquage de sécurité
0%
Champs magnétique important
0%
Danger de corrosion
0%
Danger de toxicité aiguë
0%
Danger d'incendie
0%
Danger pour la santé
0%
Danger pour la santé et dangereux pour la couche d'ozone
0%
Défense d'éteindre avec de l'eau
0%
Emplacement où une atmosphère explosive peut se présenter
0%
Matière inflammable ou haute température
0%
Matières comburantes
0%
Matières nocives ou irritantes
0%
Passage obligatoire pour piétons
0%
Point de rencontre
0%
Protection individuelle obligatoire contre les chutes
0%
Protection obligatoire de la figure
0%
Protection obligatoire de la tête
0%
Protection obligatoire de la vue
0%
Protection obligatoire de l'ouie
0%
Protection obligatoire des mains
0%
Protection obligatoire des pieds
0%
Protection obligatoire des voies respiratoires
0%
Protection obligatoire du corps
0%
Radiations non ionisantes
0%
Rayonnement lazer
0%
Sorties et issues de secours
0%
Téléphone pour la lutte contre l'incendie
0%
Téléphone pour le sauvetage et les premiers secours
0%
Aucun quiz correspondant
Distribution des résultats
% des personnes avec chaque résultat
Percentile par nombre de réponses
Votre historique - résultats
Vous n’avez pas pris ce quiz